Top 20 Richest Football Clubs In The World (2016) - Statistics

General Stats
  • This quiz has been taken 1,599 times
    1,539 since last reset
  • The average score is 14 of 20
Answer Stats
Club Value Club % Correct
$3.10 billion Manchester United
99%
$3.26 billion Real Madrid
99%
$3.17 billion FC Barcelona
98%
$1.37 billion Manchester City
97%
$1.36 billion Chelsea
93%
$982 million Liverpool
92%
$1.30 billion Arsenal
91%
$2.34 billion FC Bayern Munich
91%
$634 million Paris Saint Germain
87%
$837 million Juventus
85%
$700 million Borussia Dortmund
80%
$436 million Atletico Madrid
70%
$775 million AC Milan
62%
$439 million Inter Milan
61%
$353 million Napoli
47%
$600 million Tottenham Hotspur
33%
$349 million Newcastle United
32%
$572 million FC Schalke
27%
$309 million West Ham United
26%
$294 million Galatasaray
12%
No matching quizzes found
Score Distribution
Percent of People with Each Score
Percentile by Number Answered
Your Score History
You have not taken this quiz since the last reset